| 000 | 00751nam a2200253 a 4500 | ||
|---|---|---|---|
| 001 | 000004745 | ||
| 005 | 20200929151508.0 | ||
| 008 | 950502s1994 sp 000 j spa d | ||
| 020 | _a8420646318 | ||
| 040 |
_aDO-SdBNP _bspa _cBNPHU |
||
| 041 | 1 | 7 |
_aspa _hfre _2Código de idioma MARC |
| 082 |
_a843.8 _bM452h |
||
| 100 | 1 |
_aMaupassant, Guy de, _d1850-1893 _913633 |
|
| 245 | 1 | 3 |
_aEl Horla / _cGuy de Maupassant ; traducción de Esther Benítez. |
| 260 |
_aMadrid : _bAlianza, _c1994. |
||
| 300 |
_a59 p. ; _c15 cm. |
||
| 490 | 1 |
_aAlianza cien _v31 |
|
| 650 | 4 |
_aCuentos franceses _913634 |
|
| 650 | 4 |
_aLiteratura francesa _91074 |
|
| 700 | 1 |
_aBenítez, Esther, _etr. _913796 |
|
| 830 | 0 |
_aAlianza cien ; _v31 _912832 |
|
| 910 | _aWM | ||
| 049 | _aBNGR | ||
| 999 |
_c4551 _d4551 |
||